[Event "Elets op"]
[Site "Elets"]
[Date "2011.08.10"]
[Round "9"]
[White "Hromyh, Nikolai"]
[Black "Kakovkin, Alexey"]
[Result "0-1"]
[WhiteElo "2047"]
[BlackElo "1688"]
[PlyCount "68"]
[EventDate "2011.08.04"]
[EventType "swiss"]
[EventRounds "9"]
[EventCountry "RUS"]
[SourceTitle "EXT 2012"]
[Source "ChessBase"]
[SourceDate "2011.11.24"]
[SourceVersion "1"]
[SourceVersionDate "2011.11.24"]
[SourceQuality "1"]

1. d4 d5 2. c4 c6 3. Nf3 Nf6 4. cxd5 cxd5 5. Nc3 e6 6. Bg5 Be7 7. e3 0-0 8. Bd3 b6 9. Ne5 Bb7 10. Qa4 Nbd7 11. 0-0 Nxe5 12. dxe5 Nd7 13. Bxe7 Qxe7 14. f4 Nc5 15. Qc2 g6 16. Rac1 Rac8 17. Qe2 a6 18. Rc2 Rfd8 19. Rfc1 Qf8 20. Nb1 b5 21. Nd2 Na4 22. Bxb5 axb5 23. Qxb5 Nxb2 24. Qxb2 Ba6 25. Qb6 Rxc2 26. Rxc2 Rc8 27. Rc6 Rxc6 28. Qxc6 Qa3 29. Qb6 Qc1+ 30. Kf2 Qxd2+ 31. Kg3 Kg7 32. Qxa6 Qxe3+ 33. Kg4 h5+ 34. Kg5 Qe4 0-1

[Event "Elets op"]
[Site "Elets"]
[Date "2011.08.07"]
[Round "6"]
[White "Hromyh, Nikolai"]
[Black "Borschevsky, Efim"]
[Result "1-0"]
[WhiteElo "2047"]
[BlackElo "1796"]
[PlyCount "59"]
[EventDate "2011.08.04"]
[EventType "swiss"]
[EventRounds "9"]
[EventCountry "RUS"]
[SourceTitle "EXT 2012"]
[Source "ChessBase"]
[SourceDate "2011.11.24"]
[SourceVersion "1"]
[SourceVersionDate "2011.11.24"]
[SourceQuality "1"]

1. d4 d5 2. c4 dxc4 3. Nf3 Nf6 4. e3 e6 5. Bxc4 a6 6. 0-0 b5 7. Be2 Bb7 8. Nbd2 Nbd7 9. b3 c5 10. Bb2 Be7 11. Rc1 Rc8 12. a4 b4 13. Nc4 Nb6 14. Nfe5 0-0 15. Bf3 Bxf3 16. Qxf3 Nbd5 17. Rfd1 Qc7 18. dxc5 Bxc5 19. a5 Qb8 20. e4 Ne7 21. h3 Qb7 22. Re1 Rfd8 23. g4 Bd4 24. g5 Bxe5 25. Nxe5 Rxc1 26. Rxc1 Ne8 27. Qxf7+ Kh8 28. Nc6 Qxc6 29. Rxc6 Nxc6 30. Qf8# 1-0

[Event "Elets op"]
[Site "Elets"]
[Date "2011.08.07"]
[Round "5"]
[White "Volobuev, Sergey"]
[Black "Hromyh, Nikolai"]
[Result "1-0"]
[WhiteElo "1801"]
[BlackElo "2047"]
[PlyCount "55"]
[EventDate "2011.08.04"]
[EventType "swiss"]
[EventRounds "9"]
[EventCountry "RUS"]
[SourceTitle "EXT 2012"]
[Source "ChessBase"]
[SourceDate "2011.11.24"]
[SourceVersion "1"]
[SourceVersionDate "2011.11.24"]
[SourceQuality "1"]

1. g3 d5 2. Bg2 Nf6 3. d3 e5 4. Nc3 Be7 5. e4 d4 6. Nd5 Nxd5 7. exd5 Nd7 8. Qh5 0-0 9. Nf3 Bb4+ 10. Bd2 Bxd2+ 11. Kxd2 Qf6 12. Rae1 g6 13. Qh6 Re8 14. h4 Nf8 15. Qg5 Qd6 16. h5 f6 17. Qh6 g5 18. Nxg5 fxg5 19. Qxg5+ Kh8 20. f4 Bd7 21. fxe5 Qe7 22. Qf4 c5 23. e6 Bb5 24. d6 Qg7 25. h6 Qg6 26. Qe5+ Kg8 27. e7 Nd7 28. Bd5+ 1-0

[Event "Elets op"]
[Site "Elets"]
[Date "2011.08.04"]
[Round "1"]
[White "Borovik, Pavel"]
[Black "Hromyh, Nikolai"]
[Result "1-0"]
[WhiteElo "1946"]
[BlackElo "2047"]
[PlyCount "83"]
[EventDate "2011.08.04"]
[EventType "swiss"]
[EventRounds "9"]
[EventCountry "RUS"]
[SourceTitle "EXT 2012"]
[Source "ChessBase"]
[SourceDate "2011.11.24"]
[SourceVersion "1"]
[SourceVersionDate "2011.11.24"]
[SourceQuality "1"]

1. e4 e6 2. d4 d5 3. e5 c5 4. c3 Nc6 5. Nf3 Qb6 6. dxc5 Qc7 7. Bf4 Bxc5 8. b4 Bb6 9. a4 a6 10. a5 Ba7 11. Bd3 Bd7 12. 0-0 Nge7 13. Re1 Ng6 14. Bg3 d4 15. Qc2 Rc8 16. Na3 dxc3 17. Qxc3 Nce7 18. Nc4 0-0 19. Rac1 Bb5 20. Qd2 Bxc4 21. Rxc4 Qd8 22. Rg4 Qd5 23. h4 Rfd8 24. Rd1 Qb3 25. h5 Nf8 26. Kh2 Nf5 27. Ne1 Rc3 28. Qe2 Bb8 29. Rb1 Qd5 30. Be4 Qd2 31. Qxd2 Rxd2 32. Bxb7 Nxg3 33. fxg3 Bxe5 34. Bxa6 f5 35. Rf4 g5 36. Rf3 Rc6 37. Bb7 Rc4 38. Kg1 Bd4+ 39. Kh1 Nd7 40. Rd3 Ra2 41. Nf3 Rcc2 42. Nxd4 1-0

[Event "Elets op"]
[Site "Elets"]
[Date "2009.05.13"]
[Round "7"]
[White "Popov, Yuri"]
[Black "Hromyh, Nikolai"]
[Result "1-0"]
[WhiteElo "2189"]
[BlackElo "2051"]
[PlyCount "71"]
[EventDate "2009.05.07"]
[EventType "swiss"]
[EventRounds "9"]
[EventCountry "RUS"]
[SourceTitle "EXT 2022"]
[Source "ChessBase"]
[SourceDate "2021.10.06"]
[SourceVersion "1"]
[SourceVersionDate "2021.10.06"]
[SourceQuality "1"]

1. d4 e6 2. c4 Nf6 3. Nc3 d5 4. cxd5 exd5 5. Bg5 Be7 6. e3 0-0 7. Bd3 Nbd7 8. Qc2 c6 9. Nge2 h6 10. Bh4 Re8 11. 0-0 c5 12. Rad1 c4 13. Bf5 Nf8 14. Bxf6 Bxf6 15. Bxc8 Rxc8 16. Nf4 a6 17. Ncxd5 b5 18. Nxf6+ Qxf6 19. Qc3 g5 20. Nh5 Qg6 21. g4 Nd7 22. Ng3 Nf6 23. h3 Ne4 24. Nxe4 Qxe4 25. Rde1 Qb7 26. a3 Re7 27. f3 Qb6 28. b4 Rce8 29. Kg2 h5 30. e4 Qf6 31. e5 Qg6 32. d5 hxg4 33. hxg4 Qd3 34. Qxd3 cxd3 35. d6 Rxe5 36. d7 1-0

[Event "Elets op"]
[Site "Elets"]
[Date "2009.05.07"]
[Round "1"]
[White "Hromyh, Nikolai"]
[Black "Volobuev, Sergey"]
[Result "1-0"]
[WhiteElo "2051"]
[BlackElo "1823"]
[PlyCount "113"]
[EventDate "2009.05.07"]
[EventType "swiss"]
[EventRounds "9"]
[EventCountry "RUS"]
[SourceTitle "EXT 2022"]
[Source "ChessBase"]
[SourceDate "2021.10.06"]
[SourceVersion "1"]
[SourceVersionDate "2021.10.06"]
[SourceQuality "1"]

1. d4 g6 2. c4 Bg7 3. Nc3 d6 4. e4 Nc6 5. Be3 e5 6. d5 Nd4 7. Qd2 c5 8. Nge2 f5 9. f4 Nf6 10. fxe5 dxe5 11. 0-0-0 f4 12. Bg1 0-0 13. h3 Qa5 14. Kb1 a6 15. Nc1 b5 16. Bd3 bxc4 17. Bxc4 Qb4 18. Bd3 Rb8 19. Bxd4 cxd4 20. N3e2 Qd6 21. Nb3 Bd7 22. Rc1 Ba4 23. Nc5 Bb5 24. Rc2 Rfc8 25. Rhc1 Bh6 26. Bxb5 Rxb5 27. Nb7 Rxc2 28. Qxc2 Qf8 29. Qc6 f3 30. Qe6+ Qf7 31. Rc8+ Bf8 32. Qxf7+ Kxf7 33. Rc7+ Kg8 34. gxf3 Ba3 35. b3 a5 36. d6 d3 37. Nc3 Rb6 38. d7 Be7 39. d8Q+ Bxd8 40. Nxd8 Nh5 41. Kc1 Rf6 42. Nd5 Rxf3 43. Kd2 Ng3 44. Ne3 Nf1+ 45. Nxf1 Rxf1 46. Nc6 Rf3 47. Nxe5 Rxh3 48. a4 Rh5 49. Nxd3 Rh2+ 50. Ke3 g5 51. Rc5 h6 52. Rxa5 g4 53. Kf4 h5 54. Rg5+ Kf7 55. a5 Rd2 56. Ke3 Rg2 57. Rxh5 1-0